00579nam a2200133Ia 4500008004100000245020000041260002900241260000900270300000600279650001300285856005500298999001900353952007300372170516s9999 xx 000 0 und d aAntibacterial Derivatives of Ciprofloxacin to Inhibit Growth of Necrotizing Fasciitis Associated Penicillin Resistant Escherichia coli, Ronald Bartzatt, Suat L. G. Cirillo, and Jeffrey D. Cirillo bJournal of Pharmaceutics c2013 a: xPharmacy uhttps://www.hindawi.com/journals/jphar/contents/3/ c330998d330998 001040aCLbCLd2017-05-16l0r2017-05-16 00:00:00w2017-05-16yFOJ